MDQL
is popping MORE tags! Check the
thread
!
Quizzes
Events
Quiz Creation
Community
Videos
Private Events
Remove Ads
Sign In
Join for FREE
Feedback
Dark Mode
Quiz Categories
Sports
Geography
Music
Movies
Television
Just For Fun
Miscellaneous
History
Literature
Language
Science
Gaming
Entertainment
Religion
Holiday
For Kids
Quiz Lab
Recent
Popular Today
Quiz Kudos Today
Editor Picks
Curator Picks
Quizzes by...
Day
Popularity
Type
Ratings
Length
Year
Community
Subscriptions
Recent Discussions
Orange Saloon
Badges
Playlists
Quests
Create
Leaderboards
Showdown
Live 5
Trivia Bingo
Activity
Puzzle Library
Sporcle Events
Private Events
Virtual Trivia
Globe League
Become a Host
Pub Owners
SporcleCon
Opinionation
Our Games
Videos
Blog
Mobile Apps
Partnerships
Remove Ads and Go Orange
Feedback
Religion
Mythology
Religious Music
World Religions
Bible
Christianity
Catholicism
Judaism
Church
Scripture
Islam
Verse
Religion
Mythology
Religious Music
World Religions
Bible
Christianity
Catholicism
Judaism
Church
Scripture
Islam
Verse
Random Quiz
Search Sporcle
×
Quiz Lab
Quiz Lab
Religion
patron
Type in answers that appear in a list
Type in answers that appear in a list
Classic
Best Score? Go Orange.
Patron Saints Stats
Can you name the Patron Saints?
By
frenchhen
10m
20 Questions
499 Plays
499 Plays
499 Plays
Comments
Comments
Give Quiz Kudos
Give Quiz Kudos
-
- Ratings
hide this ad
More Info
Replay
Link that replays current quiz
Next Quiz
Link to next quiz in quiz playlist
You Got
0%
They Got
Avg Score
42%
Avg Friend Score
Upgrade to see
Score Distribution
Jump to the score distribution portion of the page
Score
0/20
Timer
10:00
0
Plays Today
hint
saint
% Correct
Taught the Trinity with a shamrock.
Patrick
95%
Slew the dragon with his lance.
George
81.4%
His cross is commemorated on the national flag of Scotland.
Andrew
72.7%
She knelt before the real king, while an imposter sat upon the throne.
Joan
63.1%
When all else fails, turn to the saint of lost causes and desperation.
Jude
56.3%
The saint to turn to if you’ve lost or misplaced something.
Anthony
55.7%
The greater. Pilgrims make their way to Santiago de Compostela.
James
54.9%
Did not die despite being shot through by numerous arrows.
Sebastian
47.5%
His remains were stolen in Alexandria, covered with pork, and shipped back to Venice, where they are housed in the great basilica bearing his name.
Mark
46.5%
Patron Saint of Musicians, she lived for days after three attempts to behead her.
Cecilia
42.7%
hint
saint
% Correct
Llanddewi Breffi is named for him. He ate bread and leeks.
David
41.3%
Fervent follower of St Francis of Assisi. She cared for him when he was sick, and until his death.
Clare
40.7%
His statue is often buried in the lawn to assure the sale of a house.
Joseph
39.3%
Is said to have carried his own head up the hill now known as “Montmartre”.
Denis
26.3%
The first American-
born saint.
Elizabeth Seton
26.3%
Associated with the fifteen “Oes”, she is the patron saint of Sweden.
Bridget
19%
Patron Saint of Paris. The people believe she protected them with her prayers when Attila the Hun was about to attack.
Geneviève
18.8%
Winfrid brought down Thor’s Oak, patron saint of Germany.
Boniface
13.2%
A great Dane.
Canute
10%
Was stabbed to death by his own pupils using their sharp pens.
Cassian
7.4%
Quiz Playlist
Details
Report
Send in Message
Add To Playlist
More Info:
Classic:
Type in answers that appear in a list
Last Updated: Feb 16, 2017
Quiz Scoreboard
CHALLENGE
Sign Up to Join the Scoreboard
Show All
Scores
Hide
Comments
May contain spoilers
Recently Published
5x2 Blitz: Bands
by SL_Kpop136
Music
30s
Colored Red Africa Blitz
by spor1
Geography
30s
Find the 'City' Movie
by crazypaving
Movies
60s
More to Explore
Quiz From the Vault
Featured Blog Post
14 Easter Pick-up Lines to Find Eggs With
hide this ad
You Might Also Like...
Tags
patron
Patron Saint
saint
Today's Top Quizzes in Religion
Browse Religion
hide this ad
Today's Top Quizzes in patron
Browse patron
Top Contributed Quizzes in Religion
1
Christmas Pick: Judaism
2
Christmas Pick: Islam
3
Christmas Pick: World Religions
4
Longevity in the Bible
5
Artistic Maundy Thursday
6
Mythological Creature Bunker
7
Are they in the Bible?
8
One Thing in Common: Mythology II
9
One Thing in Common: Mythology
10
Christmas Pick: Religious Music
Explore More
Trending Topics
Crossword
NBA
Marvel
Disney
Anime
Kpop
Harry Potter
Country
Pokémon
Song
Puzzle
WWE
The Office
NFL
Soccer
hide this ad
More By:
frenchhen
Quiz
Plays
Rating
Category
Featured
Created
100 Famous Couples for Valentine's Day
1,602
3.83
Holiday
Feb 4, 2010
Patron Saints
499
4.60
Religion
Jan 24, 2010
Go to Creator's Profile
Score Distribution
Quiz Creator Spotlight
frenchhen
Follow
Send a Message
Quizzes Created
-
Created Quiz Play Count
-
More By This Creator
Popular Quizzes Today
1
Colored Red Africa Blitz
2
Find the 'City' Movie
3
Find the US States - No Outlines Minefield
4
5x2 Blitz: Bands
5
The Countries of the World
6
Find the US States
7
Find the Countries of Europe - No Outlines Minefield
8
US States
More Religion Quizzes
S-less Bible Books
Curator's Pick
Trending Quizzes
Colored Red Europe Blitz I
Colored Red Europe Blitz II
Colored Red Africa Blitz II
Colored Red Europe Blitz III
Colored Red Africa Blitz III
Recently Updated
How Do You Spell That?
pecheneg
Godzilla Movies
pecheneg
Grab Bag: 4-10 Letters
pecheneg
2024 March Madness Bracket
pecheneg
Famous TV Couples
Peacemaker
Champions League XIs: Real Madrid
pecheneg
Largest US Cities 1790-2010
pecheneg
Rides in Walt Disney World
pecheneg
Most Oscar Losses (Acting)
pecheneg
Beyoncé Albums
pecheneg
Trending Topics
Harry Potter
Crossword
NBA
Disney
Kpop
Anime
Marvel
Song
NFL
Pokémon
The Office
WWE
Soccer
Puzzle
Country
Your Account Isn't Verified!
In order to create a playlist on Sporcle, you need to verify the email address you used during registration. Go to your
Sporcle Settings
to finish the process.
Report this User
Report this user for behavior that violates our
Community Guidelines
.
Details:
Send Report
Go to the Sporcle.com Mobile Site →
Comments